书目信息 |
| 题名: |
成吉思汗
|
|
| 作者: | 龚禺铭 著 ;何君 主编 | |
| 分册: | ||
| 出版信息: | 北京 中国长安出版社 2006 |
|
| 页数: | 6,230页 | |
| 开本: | 24cm | |
| 丛书名: | ||
| 单 册: | ||
| 中图分类: | K827=47 | |
| 科图分类: | ||
| 主题词: | ||
| 电子资源: | ||
| ISBN: | 978-7-80175-545-2 | |
| 000 | 00724nam0 2200253 450 | |
| 000 | 00730nam0 2200253 450 | |
| 000 | 00660nam0 2200229 450 | |
| 000 | 00624nam0 2200217 45 | |
| 005 | 20070518182838.18 | |
| 010 | @a978-7-80175-545-2@dCNY26.00 | |
| 100 | @a20070131d2006 em y0chiy0120 ea | |
| 101 | 0 | @achi |
| 102 | @aCN@b110000 | |
| 105 | @ay z 000yy | |
| 200 | 1 | @a成吉思汗@Acheng ji si han@f何君主编,龚禺铭著 |
| 210 | @a北京@c中国长安出版社@d2006 | |
| 215 | @a6,230页@d24cm | |
| 300 | @a实事求是说帝王 | |
| 600 | 1 | @a成吉思@x评传@z(1162~1227) |
| 690 | @aK827=47@v4 | |
| 701 | 0 | @a龚禺铭@Agong yu ming@4著 |
| 702 | 0 | @a何君@Ahe jun@4主编 |
| 801 | 0 | @aCN@bTAOJIN@c20070518 |
| 905 | @a10447@dK827=47@e413 | |
| 成吉思汗/何君主编,龚禺铭著.-北京:中国长安出版社,2006 |
| 6,230页;24cm |
| 实事求是说帝王 |
| ISBN 978-7-80175-545-2:CNY26.00 |
| ● |
| 相关链接 |
|
|
|
|
正题名:成吉思汗
索取号:K827=47/413
 
预约/预借
| 序号 | 登录号 | 条形码 | 馆藏地/架位号 | 状态 | 备注 |
| 1 | 0521873 | 205218735 | 第二样本阅览室/ [索取号:K827=47/413] | 在馆 | |
| 2 | 0521874 | 205218744 | 第二借阅区/ [索取号:K827=47/413] | 在馆 | |
| 3 | 0521875 | 205218753 | 第二借阅区/ [索取号:K827=47/413] | 在馆 | |
| 4 | 0521876 | 205218762 | 第二借阅区/ [索取号:K827=47/413] | 在馆 | |
| 5 | 0521877 | 205218771 | 第二借阅区/ [索取号:K827=47/413] | 在馆 | |
| 6 | 0521878 | 205218780 | 第二借阅区/ [索取号:K827=47/413] | 在馆 | |
| 7 | 0521879 | 205218799 | 第二借阅区/ [索取号:K827=47/413] | 在馆 | |
| 8 | 0521880 | 205218806 | 第二借阅区/ [索取号:K827=47/413] | 在馆 |